Impact of psychological contract on organizational citizenship behaviour in insurance sector (Record no. 393516)

MARC details
000 -LEADER
fixed length control field 00519nam a2200181 4500
005 - DATE & TIME
control field 20250915152827.0
008 - FIXED-LENGTH DATA ELEMENTS--GENERAL INFORMATION
fixed length control field 250915b |||||||| |||| 00| 0 eng d
040 ## - CATALOGING SOURCE
Original cataloging agency VIVEKANANDA LIBRARY
082 ## - DDC NUMBER
Classification number 658.45
Book Number S11I
100 ## - MAIN ENTRY--PERSONAL NAME
Personal name Shachie
245 ## - TITLE STATEMENT
Title Impact of psychological contract on organizational citizenship behaviour in insurance sector
260 ## - PUBLICATION, DISTRIBUTION, ETC. (IMPRINT)
Name of publisher, distributor, etc Department of IMSAR, M D University, Rohtak
Date of publication, distribution, etc 2024
300 ## - PHYSICAL DESCRIPTION
Pages xi, 177
650 ## - Subject
Subject Management
650 ## - Subject
Subject Organization Behaviour
700 ## - Added Entry Personal Name
Added Entry Personal Name Sapna
942 ## - ADDED ENTRY ELEMENTS (KOHA)
Koha item type Thesis
Holdings
Withdrawn status Lost status Source of classification or shelving scheme Damaged status Not for loan Location (home branch) Sublocation or collection (holding branch) Shelving location Date acquired Koha issues (times borrowed) Koha full call number Accession No. Koha date last seen Copy number Koha item type
    Dewey Decimal Classification     VIVEKANANDA LIBRARY VIVEKANANDA LIBRARY IMSAR Library 15/09/2025   658.45 S11I 411034 15/09/2025 R Thesis
© Designed and Maintained by Vivekananda Library, MDU Rohtak